Rural development in asia (Record no. 1566)

MARC details
000 -LEADER
fixed length control field 00484cam a2200181ua 4500
008 - FIXED-LENGTH DATA ELEMENTS--GENERAL INFORMATION
fixed length control field 110716n ii |||gr||||Z||||||eng
040 ## - CATALOGING SOURCE
Transcribing agency MAIN
082 ## - DEWEY DECIMAL CLASSIFICATION NUMBER
Classification number 354.2794
100 ## - MAIN ENTRY--PERSONAL NAME
Personal name ed. by Cheema, G. Shabbir,
Relator term
245 1# - TITLE STATEMENT
Title Rural development in asia
Statement of responsibility, etc. ed. by G Shabbir Cheema
250 ## - EDITION STATEMENT
Edition statement 1st.
260 ## - PUBLICATION, DISTRIBUTION, ETC.
Place of publication, distribution, etc. New Delhi:
Name of publisher, distributor, etc. Sterling Publishers pvt Ltd.
300 ## - PHYSICAL DESCRIPTION
Extent vi; 268p:
Dimensions 23cm.
942 ## - ADDED ENTRY ELEMENTS (KOHA)
Koha item type Books
653 ## - INDEX TERM--UNCONTROLLED
Uncontrolled term Economic
653 ## - INDEX TERM--UNCONTROLLED
Uncontrolled term Rural development in asia
Holdings
Withdrawn status Lost status Damaged status Not for loan Home library Current library Shelving location Date acquired Total Checkouts Full call number Barcode Date last seen Copy number Price effective from Koha item type
        Central Library, Naharkatiya College Central Library, Naharkatiya College General Stacks 19/09/2020   354.2794 | CHE 2287 19/09/2020 1 19/09/2020 Books

Naharkatiya College © 2020. All rights reserved.

Powered By